000 00559nam a2200205Ia 4500
003 GCL
008 140319s9999 xx 000 0 eng d
040 _aGCL /
_cGCL
082 0 4 _aCC
_b930.1932
_bE B
100 1 _aE.A.O.
245 1 0 _aBOOK OF PROCEEDINGE THE FIRST INTERNATIONAL SYMPOSIUM ON THE GREAT SPHINX /
_cE.A.O.
260 _a[S.N] :
_bEGYPTIAN ANTIQUITIES ORGANIZATION ،
_c1992
300 _a390 P
650 0 4 _aSPHINX
650 0 4 _aANCIENT EGYPT
650 0 4 _aHISTORY
650 0 4 _aARCHAEOLOGY
650 0 4 _aEGYPTOLOGY
942 _2ddc
_cBK
999 _c16934
_d16934